Egészségügyi célú informatikai hálózat építése a SZOTENET

Elmentve itt :
Bibliográfiai részletek
Szerző: Mizsei István
További közreműködők: nincs megadva (Témavezető)
Dokumentumtípus: Disszertáció
Megjelent: 1996
Kulcsszavak:Informatika
Tárgyszavak:
Online Access:http://doktori.ek.szte.hu/7095
LEADER 00716nta a2200205 i 4500
001 dokt7095
005 20220408154548.0
008 220408s1996 hu om 0|| hun d
040 |a SZTE Doktori Repozitórium  |b hun 
041 |a hun 
100 1 |a Mizsei István 
245 1 0 |a Egészségügyi célú informatikai hálózat építése a SZOTENET  |h [elektronikus dokumentum] /  |c  Mizsei István 
260 |c 1996 
502 |a Disszertacio 
650 4 |a informatikai tudományok 
650 4 |a Természettudományok 
650 4 |a Számítás- és információtudomány 
695 |a Informatika 
700 1 |a nincs megadva  |e ths 
856 4 0 |u https://doktori.bibl.u-szeged.hu/id/eprint/7095/1/1996_mizsei_istvan.pdf  |z Dokumentum-elérés